Psiquiatría jurídica penal y civil / (Record no. 45130)

MARC details
000 -LEADER
campo de control de longitud fija 00729nam a2200205 i 4500
001 - NÚMERO DE CONTROL
campo de control 45130
003 - IDENTIFICADOR DE NÚMERO DE CONTROL
campo de control ES-MaACL
005 - FECHA Y HORA DE LA ÚLTIMA TRANSACCIÓN
campo de control 20231207181901.0
007 - CAMPO FIJO DE DESCRIPCIÓN FÍSICA--INFORMACIÓN GENERAL
campo de control de longitud fija t|
008 - DATOS DE LONGITUD FIJA--INFORMACIÓN GENERAL
campo de control de longitud fija 030325s1951 sp ||||1| spa d
100 1# - ENTRADA PRINCIPAL--NOMBRE DE PERSONA
Nombre de persona Codón, José María.
9 (RLIN) 39441
245 10 - MENCIÓN DEL TÍTULO
Título Psiquiatría jurídica penal y civil /
Mención de responsabilidad, etc. José María Codón e Ignacio Láopez Saiz ; prólogo por Juan del Rosal ; epílogo por Antonio Vallejo Nágera.
260 ## - PUBLICACIÓN, DISTRIBUCIÓN, ETC.
Lugar de publicación, distribución, etc. Burgos :
Nombre del editor, distribuidor, etc. [s.n.,
Fecha de publicación, distribución, etc. 1951] (
Fabricante Imp. Aldecoa)
300 ## - DESCRIPCIÓN FÍSICA
Extensión 604 p. ;
Dimensiones 26 cm.
700 1# - ENTRADA AGREGADA--NOMBRE PERSONAL
Nombre de persona López Saiz, Ignacio.
9 (RLIN) 73950
700 1# - ENTRADA AGREGADA--NOMBRE PERSONAL
Nombre de persona Rosal, Juan del.
9 (RLIN) 99636
700 1# - ENTRADA AGREGADA--NOMBRE PERSONAL
Nombre de persona Vallejo Nágera, Antonio,
Fechas asociadas al nombre 1889-1960
9 (RLIN) 112854
852 ## - LOCALIZACIÓN
Ubicación ES-MaACL
Número de control de estantería D-7085
Sublocalización o colección R.21542
Holdings
Estatus retirado Estado de pérdida Estado de daño No para préstamo Biblioteca de origen Biblioteca actual Ubicación en estantería Fecha de adquisición Fuente de adquisición Total de préstamos Signatura topográfica completa Código de barras Visto por última vez Precio de reemplazo Tipo de ítem Koha
        Biblioteca del Ateneo de Madrid Biblioteca del Ateneo de Madrid Sala Valle Inclán 17/01/2008     D-7085 901047495 23/02/2023 23/02/2023 Libro impreso